Devinez le parcours de ces joueurs de foot N°2 - Statistiques

Statistiques générales
  • Ce quiz a été pris 8 203 fois
  • Le résultat moyen est 9 sur 12
Statistiques - réponses
Par images Réponse % Correct
Benzema
98%
Zidane
93%
Salah
91%
Ribéry
81%
Mané
79%
Buffon
76%
Rooney
76%
Ben Yedder
75%
Cruyff
75%
Fabinho
64%
Clauss
42%
Thuram
37%
Aucun quiz correspondant
Distribution des résultats
% des personnes avec chaque résultat
Percentile par nombre de réponses
Votre historique - résultats
Vous n’avez pas pris ce quiz